| 000 | 00418nam a2200145Ia 4500 | ||
|---|---|---|---|
| 008 | 230718s9999 xx 000 0 und d | ||
| 041 | _aeng | ||
| 082 |
_a658.5752 _bMER |
||
| 100 | _aMerholz P. | ||
| 245 |
_aSubject To Change _bCreating Great Products And Services For An Uncertain World |
||
| 260 | _bOreilly | ||
| 365 |
_cRs. _b300.00 |
||
| 700 | _aMerholz P. & Schauer B. | ||
| 906 |
_dB:520323-Jul-2008 _cINST _b60 |
||
| 999 |
_c319419 _d319419 |
||